Central Library OPAC University of Rajshahi

The criminal area : (Record no. 4815)

MARC details
000 -LEADER
fixed length control field 00975cam a22002771 4500
001 - CONTROL NUMBER
control field 4815
003 - CONTROL NUMBER IDENTIFIER
rucl marc code BD-RjUL
005 - DATE AND TIME OF LATEST TRANSACTION
control field 20211208233948.0
008 - FIXED-LENGTH DATA ELEMENTS--GENERAL INFORMATION
fixed length control field 131223s1958 enka 000 0 eng
035 ## - SYSTEM CONTROL NUMBER
System control number (BD-RjUL)4850
System control number (OCoLC)4451026
040 ## - CATALOGING SOURCE
Original cataloging agency DLC
Transcribing agency MoSpDC
Modifying agency OCoLC
-- DLC
-- BD-RjUL
Language of cataloging eng
041 ## - LANGUAGE CODE
Language code of text/sound track or separate title eng
082 ## - DEWEY DECIMAL CLASSIFICATION NUMBER
Classification number 364.25
Author mark and year MOC 1966
100 1# - MAIN ENTRY--PERSONAL NAME
Personal name Morris, Terence.
9 (RLIN) 15188
245 14 - TITLE STATEMENT
Title The criminal area :
Remainder of title a study in social ecology /
Statement of responsibility, etc. Foreword by Hermann Mannheim.
260 ## - PUBLICATION, DISTRIBUTION, ETC. (IMPRINT)
Place of publication, distribution, etc. London :
Name of publisher, distributor, etc. Routledge & Paul ;
Place of publication, distribution, etc. New York :
Name of publisher, distributor, etc. Humanities Press ,
Date of publication, distribution, etc. c1966
300 ## - PHYSICAL DESCRIPTION
Pagination xiii, 202 p. (13) :
Illustrations illus. ;
Size 22 cm.
490 0# - SERIES STATEMENT
Series statement International library of sociology and social reconstruction
650 #0 - SUBJECT ADDED ENTRY--TOPICAL TERM
Topical term or geographic name as entry element Human ecology.
9 (RLIN) 15189
Topical term or geographic name as entry element Criminal anthropology.
9 (RLIN) 15033
856 ## - ELECTRONIC LOCATION AND ACCESS
Uniform Resource Identifier <a href="http://www.worldcat.org/title/criminal-area-a-study-in-social-ecology/oclc/4451026&referer=brief_results">http://www.worldcat.org/title/criminal-area-a-study-in-social-ecology/oclc/4451026&referer=brief_results</a>
942 ## - ADDED ENTRY ELEMENTS (KOHA)
Source of classification or shelving scheme Dewey Decimal Classification
Koha item type Books
Holdings
Lost status Source of classification or shelving scheme Damaged status Not for loan Collection code Permanent Location Current Location Shelving location Date acquired Source of acquisition Cost, normal purchase price Total Checkouts Full call number Date last seen Copy number Koha item type
  Dewey Decimal Classification   Not For Loan Non-fiction Central Library, University of Rajshahi Central Library, University of Rajshahi   18/05/1968 Swet + Zeithlinger 28.00   364.25 MOC 1966 23/12/2013 C-1 Books
  Dewey Decimal Classification     Non-fiction Central Library, University of Rajshahi Central Library, University of Rajshahi   31/01/1968 Zeithlinger 28.00   364.25 MOC 1966 22/08/2016 C-2 Books